عرض عادي
عرض مارك
- العزاوي، فاضل صلفيج،
دخول Personal Name
001 - CONTROL NUMBER
- control field: 27552
003 - CONTROL NUMBER IDENTIFIER
- control field: AE-AdECS
005 - DATE AND TIME OF LATEST TRANSACTION
- control field: 20260324122337.0
008 - FIXED-LENGTH DATA ELEMENTS
- fixed length control field: 260324|| aca||aabn | a|a d
040 ## - CATALOGING SOURCE
- Original cataloging agency: AE-AdECS
- Transcribing agency: AE-AdECS
100 ## - HEADING--PERSONAL NAME
- Personal name: العزاوي، فاضل صلفيج،
670 ## - SOURCE DATA FOUND
- Source citation: Work cat.: (AE-AdECS)294475: العزاوي، فاضل صلفيج، مؤلف., خفايا المؤامرات الدولية لإسقاط الحكم الوطني القومي في العراق منذ تأسيسه عام 1921 ولغاية احتلاله عام 2003 /
